Why four gospels? / (Record no. 4316)

MARC details
000 -LEADER
fixed length control field 00641nam a2200241Ia 4500
001 - CONTROL NUMBER
control field 30747
003 - CONTROL NUMBER IDENTIFIER
control field GBCCL
005 - DATE AND TIME OF LATEST TRANSACTION
control field 20241126110515.0
008 - FIXED-LENGTH DATA ELEMENTS--GENERAL INFORMATION
fixed length control field 870326s1921 pau 000 0 eng
010 ## -
-- 22000287
035 ## - SYSTEM CONTROL NUMBER
System control number (OCoLC)15371246
040 ## - CATALOGING SOURCE
Original cataloging agency DLC
Transcribing agency KAT
049 ## -
-- LBBK
050 ## -
-- BS2555
-- .P5
082 ## - DEWEY DECIMAL CLASSIFICATION NUMBER
Classification number 226
Item number PIN
092 ## - LOCALLY ASSIGNED DEWEY CALL NUMBER (OCLC)
Item number P655
100 1# - MAIN ENTRY--PERSONAL NAME
Personal name Pink, Arthur Walkington,
Dates associated with a name 1886-1952.
9 (RLIN) 2836
245 10 - TITLE STATEMENT
Title Why four gospels? /
Statement of responsibility, etc. Arthur W. Pink.
260 ## - PUBLICATION, DISTRIBUTION, ETC.
Place of publication, distribution, etc. Swengel, Pa. :
Name of publisher, distributor, etc. Bible Truth Depot,
Date of publication, distribution, etc. c1921.
300 ## - PHYSICAL DESCRIPTION
Extent 184 p. ;
Dimensions 19 cm.
630 00 - SUBJECT ADDED ENTRY--UNIFORM TITLE
Uniform title Bible.
Name of part/section of a work N.T.
-- Gospels
General subdivision Commentaries.
9 (RLIN) 8141
942 ## - ADDED ENTRY ELEMENTS (KOHA)
Source of classification or shelving scheme Dewey Decimal Classification
Koha item type Books
Koha issues (borrowed), all copies 2
Holdings
Withdrawn status Lost status Source of classification or shelving scheme Damaged status Not for loan Home library Current Library Shelving location Date acquired Total checkouts Full call number Barcode Date last seen Date last checked out Copy number Price effective from Koha item type
    Dewey Decimal Classification     GRACE BIBLE COLLEGE GRACE BIBLE COLLEGE Biblical Studies 2018-01-18 2 226 PIN 009630 2025-05-01 2020-03-11 c.1 2018-01-18 Books
© Grace Bible College Library 2025